Jackie Robinson / (Record no. 1782)

MARC details
000 -LEADER
fixed length control field 01732cam a2200397 i 4500
001 - CONTROL NUMBER
control field 1782
003 - CONTROL NUMBER IDENTIFIER
control field FISKH
005 - DATE AND TIME OF LATEST TRANSACTION
control field 20230929122328.0
008 - FIXED-LENGTH DATA ELEMENTS--GENERAL INFORMATION
fixed length control field 141208t2016 nyua j b 001 0beng
010 ## - LIBRARY OF CONGRESS CONTROL NUMBER
LC control number 2014044749
020 ## - INTERNATIONAL STANDARD BOOK NUMBER
International Standard Book Number 9780531215982 (library binding)
020 ## - INTERNATIONAL STANDARD BOOK NUMBER
Canceled/invalid ISBN 9780531217603 (paperback)
040 ## - CATALOGING SOURCE
Original cataloging agency DLC
Language of cataloging eng
Transcribing agency DLC
Description conventions rda
Modifying agency DLC
042 ## - AUTHENTICATION CODE
Authentication code pcc
043 ## - GEOGRAPHIC AREA CODE
Geographic area code n-us---
050 00 - LIBRARY OF CONGRESS CALL NUMBER
Classification number GV865.R6
Item number G75 2016
082 00 - DEWEY DECIMAL CLASSIFICATION NUMBER
Classification number 796.357092
-- B
Edition number 23
100 1# - MAIN ENTRY--PERSONAL NAME
Personal name Gregory, Josh.
245 10 - TITLE STATEMENT
Title Jackie Robinson /
Statement of responsibility, etc. Josh Gregory.
264 #1 - PRODUCTION, PUBLICATION, DISTRIBUTION, MANUFACTURE, AND COPYRIGHT NOTICE
Place of production, publication, distribution, manufacture New York :
Name of producer, publisher, distributor, manufacturer Scholastic,
Date of production, publication, distribution, manufacture, or copyright notice 2016.
300 ## - PHYSICAL DESCRIPTION
Extent 48 pages :
Other physical details illustrations ;
Dimensions 22 cm.
336 ## - CONTENT TYPE
Content type term text
Content type code txt
Source rdacontent
337 ## - MEDIA TYPE
Media type term unmediated
Media type code n
Source rdamedia
338 ## - CARRIER TYPE
Carrier type term volume
Carrier type code nc
Source rdacarrier
490 0# - SERIES STATEMENT
Series statement A True Book
504 ## - BIBLIOGRAPHY, ETC. NOTE
Bibliography, etc. note
505 0# - FORMATTED CONTENTS NOTE
Formatted contents note V<br/>
520 ## - SUMMARY, ETC.
Summary, etc. As the first African American ever to play for a major league baseball team, Jackie Robinson helped change race relations in America forever. Readers (Grades 3-5) will learn about Robinson's early success as a versatile athlete and the difficulties he faced in an era of widespread prejudice and segregation. The will also find out how he came to break pro baseball's color barrier and how he used his fame to bring awareness to the civil rights movement.
521 1# - TARGET AUDIENCE NOTE
Target audience note 850<br/>
Source Lexile<br/>
521 1# - TARGET AUDIENCE NOTE
Target audience note V<br/>
Source Raz-Plus<br/>
600 10 - SUBJECT ADDED ENTRY--PERSONAL NAME
Personal name Robinson, Jackie,
Dates associated with a name 1919-1972.
650 #0 - SUBJECT ADDED ENTRY--TOPICAL TERM
Topical term or geographic name entry element African American baseball players
Geographic subdivision United States
Form subdivision Biography
-- Juvenile literature.
906 ## - LOCAL DATA ELEMENT F, LDF (RLIN)
a 7
b cbc
c orignew
d 1
e ecip
f 20
g y-gencatlg
942 ## - ADDED ENTRY ELEMENTS (KOHA)
Source of classification or shelving scheme Dewey Decimal Classification
Koha item type Books
Suppress in OPAC No
Holdings
Withdrawn status Lost status Source of classification or shelving scheme Damaged status Not for loan Collection Home library Current library Shelving location Date acquired Total Checkouts Full call number Barcode Date last seen Price effective from Koha item type
    Dewey Decimal Classification     Non-Fiction Footprints International School Library Network Toul Kork Campus Footprints International School Library Network Toul Kork Campus A TK Campus, 4th Floor, Room B401, Non-Fiction Bookcases(7-8) 09/29/2023   GRE 796.357092 GV865.R6 FISTK05507 09/29/2023 09/29/2023 Books